| 000 | 00451 a2200157 4500 | ||
|---|---|---|---|
| 999 |
_c3247 _d3247 |
||
| 020 | _a0072506881 | ||
| 050 | _aHD 62.4 INT 2009 | ||
| 100 |
_aMaidment, FRED H. _eeditor |
||
| 245 |
_aInternational busines _cedited Fred H Maidment _b02/03 / |
||
| 250 | _a11 th ed. | ||
| 264 |
_aBoston _bMcGraw -Hill _c2009 |
||
| 300 | _axvi,173p. | ||
| 500 | _aincludes index | ||
| 650 | _aBusiness studies - international | ||
| 942 |
_2lcc _cBK _e11th ed. _h62.4 _iINT _kHD |
||